[Event "AUTO-INT-3942"]
[Site "http://www.queenalice.com/game.php?id=1861948"]
[Date "2025.8.23"]
[Round "1"]
[White "Carlos19"]
[Black "caradepau"]
[Result "0-1"]
[WhiteElo "1574"]
[BlackElo "1641"]

1. e4 e5 2. Nf3 Nc6 3. Bc4 Bc5 4. d3 h6 5. a3 a6 6. Nc3 d6 7. Nd5 Nf6 8. h3 Bd7
9. Kf1 Nxd5 10. Bxd5 O-O 11. b4 Bb6 12. c4 Ba7 13. b5 axb5 14. cxb5 Ne7 15. a4
Nxd5 16. exd5 c6 17. dxc6 bxc6 18. bxc6 Bxc6 19. Bd2 e4 20. dxe4 Bxe4 21. Bb4
Re8 22. a5 d5 23. Nd4 Qg5 24. Qg4 Qxg4 25. hxg4 Bxd4 26. Ra4 Rec8 27. Bd2 Ba7
28. f3 Bd3+ 29. Ke1 Rab8 30. Ra1 Re8+ 31. Kd1 Be2+ 32. Kc2 Rec8+ 33. Bc3 Bd4 34.
Ra3 Bxc3 35. Rxc3 Rxc3+ 36. Kd2 Ra3 37. Rc1 Rb2+ 38. Ke1 Rxa5 39. Kf2 g6 40.
Rc8+ Kg7 41. Re8 Bb5+ 42. Kg3 Bxe8 43. Kh4 d4 44. g3 d3 45. f4 Rh2# 0-1

[Event "AUTO-INT-3942"]
[Site "http://www.queenalice.com/game.php?id=1861949"]
[Date "2025.8.23"]
[Round "1"]
[White "caradepau"]
[Black "Carlos19"]
[Result "1/2-1/2"]
[WhiteElo "1643"]
[BlackElo "1590"]

1. e4 e5 2. Bc4 Nf6 3. d3 Bc5 4. a3 d6 5. h3 h6 6. Nf3 Nc6 7. Nc3 Nd4 8. O-O O-O
9. Nxd4 Bxd4 10. Bd2 a6 11. b4 b5 12. Ba2 c5 13. bxc5 dxc5 14. Rb1 Bd7 15. Qf3
b4 16. axb4 Rb8 17. Ne2 Ba4 18. bxc5 Bxc2 19. Rxb8 Qxb8 20. Nxd4 exd4 21. Qe2
Qb5 22. Bf4 Qxc5 23. Rc1 Bxd3 24. Rxc5 Bxe2 25. Be5 d3 26. Bxf6 gxf6 27. Rd5 Rc8
28. Rd7 Rf8 29. Bb1 Re8 30. Bxd3 Bxd3 31. Rxd3 Rxe4 32. f3 Rb4 33. Rd6 Rb1+ 34.
Kh2 a5 35. Rxf6 Kg7 36. Ra6 Ra1 37. Kg3 f6 38. Kf4 Ra2 39. g4 Kg6 40. h4 Ra4+
41. Kg3 Ra3 42. Kf4 Ra4+ 43. Kg3 Ra3 44. Kf4 Ra4+ 1/2-1/2

[Event "Challenge"]
[Site "http://www.queenalice.com/game.php?id=1862825"]
[Date "2025.9.11"]
[Round "-"]
[White "Capixaba789"]
[Black "caradepau"]
[Result "1/2-1/2"]
[WhiteElo "1761"]
[BlackElo "1654"]

1. d4 d5 2. Nc3 h6 3. f4 Bf5 4. Nf3 e6 5. e3 Nc6 6. Bd3 Bxd3 7. cxd3 Nf6 8. O-O
Bb4 9. Bd2 Bxc3 10. Bxc3 Ng4 11. Qe2 f5 12. h3 Nf6 13. Ne5 Nxe5 14. fxe5 Nd7 15.
Qh5+ Kf8 16. Bb4+ Kg8 17. g4 fxg4 18. Qxg4 Qg5 19. Qxg5 hxg5 20. Kg2 Rh5 21. Rh1
g4 22. hxg4 Rxh1 23. Rxh1 a5 24. Bc3 Kf7 25. a4 b6 26. e4 g6 27. Rh7+ Kg8 28.
Rxd7 Rc8 29. Re7 c5 30. Rxe6 cxd4 31. Bxd4 Rc2+ 32. Kf3 dxe4+ 33. dxe4 Kh7 34.
Rxb6 Kh6 35. e6 Rc1 36. Rb7 Kg5 37. e7 Rf1+ 38. Kg2 Rd1 1/2-1/2

[Event "AUTO-INT-3902"]
[Site "http://www.queenalice.com/game.php?id=1862927"]
[Date "2025.9.11"]
[Round "3"]
[White "renet54"]
[Black "caradepau"]
[Result "0-1"]
[WhiteElo "1584"]
[BlackElo "1664"]

1. e4 e5 2. Nf3 Nc6 3. Bb5 Nge7 4. O-O a6 5. Bxc6 Nxc6 6. Nc3 Bc5 7. d4 exd4 8.
Ne2 h6 9. Re1 Bb4 10. c3 dxc3 11. bxc3 Bc5 12. Kf1 d6 13. Nf4 O-O 14. Qd5 Kh7
15. Be3 Bxe3 16. Rxe3 Ne7 17. Qh5 Nc6 18. Rd1 Qf6 19. Nd5 Qg6 20. Qh4 Bg4 21.
Nf4 Qf6 22. Qxg4 Rae8 23. Nd5 Qg6 24. Qxg6+ fxg6 25. Nxc7 Re7 26. Nd5 Ref7 27.
c4 g5 28. g4 Rxf3 29. Rxf3 Rxf3 30. Rd2 Ne5 31. Ne7 Nxg4 32. Nd5 b5 33. cxb5
axb5 34. a3 Rxa3 35. Ne7 Ra8 36. Rxd6 Nxh2+ 37. Kg2 Ng4 38. Kg3 Nf6 39. e5 Ne4+
40. Kg4 Nxd6 41. exd6 b4 42. Nd5 Rd8 0-1

[Event "AUTO-INT-3902"]
[Site "http://www.queenalice.com/game.php?id=1862928"]
[Date "2025.9.11"]
[Round "3"]
[White "caradepau"]
[Black "renet54"]
[Result "0-1"]
[WhiteElo "1685"]
[BlackElo "1602"]

1. e4 e5 2. Bc4 Nc6 3. a3 Nf6 4. d3 Bc5 5. h3 O-O 6. Nf3 d5 7. exd5 Nxd5 8. O-O
Bxh3 9. gxh3 Qd7 10. Kh2 Bd6 11. Bxd5 e4+ 12. Kg2 exf3+ 13. Qxf3 Nd4 14. Qd1 Qf5
15. Be3 Qxd5+ 16. Kg1 Qe5 17. Nc3 Qh2# 0-1

[Event "Challenge"]
[Site "http://www.queenalice.com/game.php?id=1862943"]
[Date "2025.9.13"]
[Round "-"]
[White "caradepau"]
[Black "Capixaba789"]
[Result "1/2-1/2"]
[WhiteElo "1658"]
[BlackElo "1818"]

1. e4 e5 2. Bc4 d5 3. exd5 Bd6 4. a3 Nf6 5. h3 Bf5 6. d3 Nbd7 7. Nf3 h6 8. Nc3
O-O 9. Be3 e4 10. dxe4 Nxe4 11. Nb5 Be7 12. Nxa7 Bf6 13. Nb5 Bxb2 14. Ra2 Bc3+
15. Ke2 Bf6 16. Qc1 c6 17. dxc6 bxc6 18. g4 cxb5 19. Bxb5 Nc3+ 20. Kf1 Nxa2 21.
Qd2 Be6 22. Bxd7 Bxd7 23. c4 Nc3 24. Bc5 Re8 25. Nd4 Ne4 26. Qb4 Ra4 27. Qb7
Rxc4 28. Bb6 Qe7 29. Nf5 Bxf5 30. Qxe7 Bxe7 31. f3 Ng3+ 32. Kg2 Nxh1 33. Kxh1
Bd3 34. Kg2 Bxa3 35. Kg3 Bd6+ 36. Kh4 1/2-1/2

[Event "AUTO-INT-3947"]
[Site "http://www.queenalice.com/game.php?id=1864156"]
[Date "2025.10.13"]
[Round "1"]
[White "Carlos19"]
[Black "caradepau"]
[Result "1-0"]
[WhiteElo "1634"]
[BlackElo "1678"]

1. e4 e5 2. Nf3 Nc6 3. Bc4 a6 4. d3 h6 5. Nc3 Bc5 6. O-O d6 7. a3 Nf6 8. b4 Ba7
9. b5 Na5 10. bxa6 b6 11. h3 Nxc4 12. dxc4 Bxa6 13. Nd2 d5 14. Re1 dxc4 15. Nf3
b5 16. Nxe5 Qxd1 17. Nxd1 Bb7 18. a4 bxa4 19. Be3 O-O 20. Bxa7 Rxa7 21. Nc3 Re8
22. Nxc4 Nxe4 23. Nb5 Raa8 24. Nxc7 Bd5 25. Nxa8 Rxa8 26. Ne3 Bb7 27. f3 Ng5 28.
c4 Bc8 29. Nd5 Bb7 30. Nc7 Rc8 31. Re7 Bc6 32. Kf2 Rd8 33. h4 Rd2+ 34. Re2 Rxe2+
35. Kxe2 Nh7 36. g4 g5 37. h5 Kg7 38. Nb5 Bxb5 39. cxb5 Nf8 40. Rxa4 Ne6 41. b6
Nf4+ 42. Ke3 Kf6 43. b7 Ke5 44. b8=Q+ Kf6 45. Ra6+ Ne6 46. Qh8+ Ke7 47. Qxh6 f6
48. Ra7+ Kd6 49. Qxf6 Kd5 50. Ra5+ Kd6 51. Ra6+ Kd5 52. Qxe6+ Kc5 53. Qe5+ Kc4
54. Qxg5 Kc3 55. Qc5+ Kb2 56. Rb6+ Ka1 57. Qa5# 1-0

[Event "AUTO-INT-3947"]
[Site "http://www.queenalice.com/game.php?id=1864157"]
[Date "2025.10.13"]
[Round "1"]
[White "caradepau"]
[Black "Carlos19"]
[Result "1/2-1/2"]
[WhiteElo "1691"]
[BlackElo "1715"]

1. e4 e5 2. Bc4 Nf6 3. d3 Bc5 4. h3 d6 5. a3 Nfd7 6. Nf3 Nc6 7. Ng5 O-O 8. Qh5
h6 9. Bxf7+ Kh8 10. Ne6 Qe7 11. O-O Nf6 12. Qh4 Rxf7 13. Nxc5 dxc5 14. Nc3 Kh7
15. Be3 Ng8 16. Qxe7 Ngxe7 17. Bxc5 b6 18. Bxe7 Rxe7 19. f4 g6 20. Nd5 Re8 21.
Nxc7 Be6 22. Nxa8 Rxa8 23. fxe5 Nxe5 24. a4 a5 25. h4 Ng4 26. d4 Ne3 27. Rf6 Bc4
28. Rxb6 Ra7 29. b4 Nxc2 30. Rc1 Na3 31. Rc3 axb4 32. Rf3 b3 33. g4 Be2 34.
Rfxb3 Nc4 35. Rb7+ Rxb7 36. Rxb7+ Kg8 37. e5 Bxg4 38. Ra7 Ne3 39. a5 Nf5 40. d5
Nxh4 41. e6 Nf5 42. e7 Kf7 43. Rb7 Nd6 44. e8=Q+ Kxe8 45. Rb8+ Nc8 46. a6 Ke7
47. Kf2 Kd6 48. Kg3 h5 49. Kf4 Kxd5 50. Rb5+ Kc6 51. Ke4 Be2 52. Re5 Bxa6 53.
Re6+ Nd6+ 54. Ke5 h4 55. Rxd6+ Kb5 56. Rxg6 h3 57. Kf4 Kc4 58. Rh6 Bc8 59. Kg3
Kd3 60. Rxh3 Bxh3 61. Kxh3 Ke3 1/2-1/2

[Event "AUTO-INT-3947"]
[Site "http://www.queenalice.com/game.php?id=1864169"]
[Date "2025.10.13"]
[Round "1"]
[White "caradepau"]
[Black "ajr"]
[Result "1-0"]
[WhiteElo "1658"]
[BlackElo "1702"]

1. e4 a6 2. Bc4 e6 3. a3 b5 4. Ba2 Nc6 5. d3 h6 6. Nf3 Nf6 7. h3 Bd6 8. Nc3 O-O
9. g4 Re8 10. g5 Nh5 11. gxh6 gxh6 12. Bxh6 Bf4 13. Bxf4 Nxf4 14. h4 Bb7 15.
Rg1+ Kf8 16. Qd2 e5 17. Ng5 Re7 18. Nh7+ 1-0

[Event "AUTO-INT-3951"]
[Site "http://www.queenalice.com/game.php?id=1865473"]
[Date "2025.11.12"]
[Round "1"]
[White "caradepau"]
[Black "jpribeiro"]
[Result "1-0"]
[WhiteElo "1676"]
[BlackElo "1300"]

1. e4 c5 2. Bc4 e6 3. d3 a6 4. a3 b5 5. Ba2 Bb7 6. Nf3 Ne7 7. O-O h6 8. h3 g6 9.
Bf4 Bg7 10. c3 Nbc6 11. Nbd2 e5 12. Bh2 O-O 13. Nb3 Kh8 14. Nxc5 Bc8 15. b4 d6
16. Nb3 1-0

[Event "AUTO-INT-3951"]
[Site "http://www.queenalice.com/game.php?id=1865476"]
[Date "2025.11.12"]
[Round "1"]
[White "renet54"]
[Black "caradepau"]
[Result "0-1"]
[WhiteElo "1623"]
[BlackElo "1628"]

1. d4 d5 2. Nf3 h6 3. c4 Bf5 4. e3 e6 5. Nc3 Nc6 6. cxd5 exd5 7. Bb5 Qd7 8. O-O
a6 9. Ne5 Qc8 10. Nxc6 axb5 11. Ne5 c6 12. Re1 Bd6 13. Qh5 g6 14. Nxg6 fxg6 15.
Qe2 Nf6 16. a3 b4 17. Nxd5 cxd5 18. Bd2 bxa3 19. e4 Nxe4 20. Qb5+ Qc6 21. Qxc6+
bxc6 22. g3 g5 23. f3 O-O 24. fxe4 Bxe4 25. h4 Bxg3 26. Re3 Bf2+ 0-1

[Event "Challenge"]
[Site "http://www.queenalice.com/game.php?id=1866350"]
[Date "2025.11.29"]
[Round "-"]
[White "caradepau"]
[Black "Capixaba789"]
[Result "1/2-1/2"]
[WhiteElo "1687"]
[BlackElo "1858"]

1. e4 e5 2. Bc4 Nc6 3. a3 d6 4. d3 Nf6 5. h3 Be7 6. Nf3 Bd7 7. Ng5 O-O 8. Nc3
Nd4 9. O-O c5 10. b4 b6 11. bxc5 bxc5 12. Be3 a5 13. Bxd4 cxd4 14. Nd5 Nxd5 15.
Bxd5 Bxg5 16. Qe1 Rb8 17. c4 Kh8 18. Qe2 f5 19. exf5 Bxf5 20. Rab1 Qf6 21. Rxb8
Rxb8 22. Qc2 Qg6 23. Rd1 h5 24. Qa4 Bxd3 25. Qxa5 Bf5 26. Qa7 Rf8 27. c5 dxc5
28. Qxc5 Rd8 29. Re1 Bxh3 30. gxh3 Be7+ 31. Kh2 1/2-1/2

[Event "AUTO-ADV-4906"]
[Site "http://www.queenalice.com/game.php?id=1866379"]
[Date "2025.11.29"]
[Round "1"]
[White "caradepau"]
[Black "WHUSIRO"]
[Result "0-1"]
[WhiteElo "1692"]
[BlackElo "1967"]

1. e4 c5 2. Bc4 d6 3. a3 Nf6 4. d3 Nc6 5. h3 e6 6. Nf3 Be7 7. Nc3 a6 8. O-O b5
9. Ba2 O-O 10. Bg5 h6 11. Bd2 Bb7 12. Ne2 e5 13. Qe1 Rc8 14. Nh4 Nxe4 15. Ng6
Kh7 16. Nxf8+ Qxf8 17. Bd5 Nxd2 18. Qxd2 f5 19. Be6 Rd8 20. c4 Qf6 21. cxb5 axb5
22. Ba2 Nd4 23. Nxd4 cxd4 24. Qa5 Qg6 25. Qa7 Qxg2# 0-1